000 00597nam a2200205 u 4500
005 20220905063517.0
008 130827s2001 ag r 000 0 spa d
020 _a9505812795
035 _aUPN01000192462
049 _aCG
050 4 _aPQ7797 W4.7
_bH3.6
100 1 _aWernicke, Enrique,
_d1915-1968
_934294
245 1 0 _aHans Grillo y otros cuentos /
_cEnrique Wernicke ; il. MarĂ­a Wernicke.
260 _aBuenos Aires :
_bColihue,
_c2001.
300 _a126 p.
440 4 _aLos libros de Boris
650 0 _aLiteratura juvenil argentina
_912413
905 _aLibro
999 _c164564
_d164564